Oulu läänin kunnat 1935 - Statistics

Yleistilastot
  • Tätä visaa on pelattu 188 kertaa
  • Keskiarvotulos 60 / 82
Vastaustilastot
Kunnat % Oikein
Oulu
96%
Ii
95%
Yli-Ii
91%
Alavieska
88%
Kiiminki
88%
Muhos
88%
Kempele
87%
Liminka
87%
Oulainen
87%
Ylivieska
87%
Haapavesi
86%
Kalajoki
86%
Kuusamo
86%
Pyhäjoki
86%
Nivala
85%
Pudasjärvi
85%
Raahe
85%
Siikajoki
85%
Haapajärvi
84%
Lumijoki
84%
Ylikiiminki
84%
Taivalkoski
82%
Tyrnävä
82%
Utajärvi
82%
Haukipudas
81%
Merijärvi
81%
Hailuoto
80%
Kajaani
80%
Kemi
80%
Oulunsalo
77%
Pyhäntä
77%
Ranua
77%
Reisjärvi
77%
Tornio
77%
Kärsämäki
75%
Oulujoki
75%
Paltamo
75%
Rovaniemi
75%
Sievi
75%
Enontekiö
74%
Ylitornio
74%
Hyrynsalmi
73%
Kemijärvi
73%
Rantsila
73%
Utsjoki
73%
Kittilä
71%
Pattijoki
71%
Posio
71%
Pulkkila
71%
Puolanka
71%
Sotkamo
71%
Savukoski
70%
Suomussalmi
70%
Inari
69%
Kestilä
69%
Kolari
69%
Ristijärvi
69%
Sodankylä
69%
Piippola
68%
Simo
68%
Temmes
68%
Tervola
68%
Muonio
67%
Pelkosenniemi
67%
Alatornio
66%
Kuivaniemi
66%
Revonlahti
66%
Vuolijoki
66%
Kajaanin mlk
64%
Vihanti
64%
Kemin mlk
62%
Paavola
62%
Pyhäjärvi Ol
60%
Rovaniemen mlk
58%
Säräisniemi
56%
Kuhmoniemi
54%
Rautio
54%
Saloinen
54%
Karunki
52%
Kuolajärvi
47%
Turtola
46%
Petsamo
43%
Ehtoja vastaavia visoja ei löytynyt
Tulosjakauma
Jokaisen tuloksen saaneiden osuus
Persentiili vastausten määrän mukaan
Tuloshistoriasi
Et ole pelannut tätä visaa